C-Dac Entrance Guide (Record no. 1)
[ view plain ]
| 000 -LEADER | |
|---|---|
| fixed length control field | 00298nam a22001217a 4500 |
| 041 ## - LANGUAGE CODE | |
| Language code of text/sound track or separate title | ENG |
| 100 ## - MAIN ENTRY--PERSONAL NAME | |
| Personal name | Dr. Pramod Koparkar |
| 245 ## - TITLE STATEMENT | |
| Title | C-Dac Entrance Guide |
| Statement of responsibility, etc | Dr. Pramod Koparkar |
| 260 ## - PUBLICATION, DISTRIBUTION, ETC. (IMPRINT) | |
| Place of publication, distribution, etc | Pune |
| Name of publisher, distributor, etc | Vision Publication |
| Date of publication, distribution, etc | 1999 |
| 300 ## - PHYSICAL DESCRIPTION | |
| Extent | 345p. |
| 500 ## - GENERAL NOTE | |
| General note | C-Dac Entrance Guide |
| 650 ## - SUBJECT ADDED ENTRY--TOPICAL TERM | |
| Topical term or geographic name as entry element | Cdac;Computer |
| Withdrawn status | Lost status | Source of classification or shelving scheme | Damaged status | Not for loan | Home library | Current library | Shelving location | Date acquired | Cost, normal purchase price | Total Checkouts | Total Renewals | Barcode | Date last seen | Date checked out | Price effective from | Koha item type |
|---|---|---|---|---|---|---|---|---|---|---|---|---|---|---|---|---|
| Dewey Decimal Classification | College of Agricultural Engineering and Technology, Dapoli , Library | College of Agricultural Engineering and Technology, Dapoli , Library | General Stacks | 20/01/2006 | 300.00 | 6 | 1 | 000001 | 07/03/2024 | 05/03/2024 | 28/09/2020 | Books |